L'essentiel sur les ordres : (Record no. 169812)

MARC details
000 -LEADER
campo de control de longitud fija 01002nam a2200289 i 4500
001 - NÚMERO DE CONTROL
campo de control 169812
003 - IDENTIFICADOR DE NÚMERO DE CONTROL
campo de control ES-MaACL
005 - FECHA Y HORA DE LA ÚLTIMA TRANSACCIÓN
campo de control 20240302062940.0
008 - DATOS DE LONGITUD FIJA--INFORMACIÓN GENERAL
campo de control de longitud fija 081202s1956 fr |||| | fre d
040 ## - FUENTE DE CATALOGACIÓN
Centro/agencia transcriptor ES-MaACL
080 ## - NÚMERO DE LA CLASIFICACIÓN DECIMAL UNIVERSAL
Número de la Clasificación Decimal Universal 72 Vignola
080 ## - NÚMERO DE LA CLASIFICACIÓN DECIMAL UNIVERSAL
Número de la Clasificación Decimal Universal 7.014
100 0# - ENTRADA PRINCIPAL--NOMBRE DE PERSONA
Nombre de persona Gromort, Georges.
9 (RLIN) 60127
Término indicativo de función/relación Autor
245 12 - MENCIÓN DEL TÍTULO
Título L'essentiel sur les ordres :
Resto del título d'après Jacq. Barozzi, de Vignole /
Mención de responsabilidad, etc. G. Gromort.
250 ## - MENCION DE EDICION
Mención de edición 2e éd.
260 ## - PUBLICACIÓN, DISTRIBUCIÓN, ETC.
Lugar de publicación, distribución, etc. Paris :
Nombre del editor, distribuidor, etc. Vincent, Fréal & Cie.,
Fecha de publicación, distribución, etc. 1956.
300 ## - DESCRIPCIÓN FÍSICA
Extensión 12 páginas, 32 páginas de láminas ;
Dimensiones 16 cm.
599 ## - NOTA A LAS ILUSTRACIONES
Nota Láminas: Diseños, dibujos técnicos
650 #7 - PUNTO DE ACCESO ADICIONAL DE MATERIA--TÉRMINO DE MATERIA
Término de materia o nombre geográfico como elemento de entrada Arquitectura-
9 (RLIN) 143356
Subdivisión general Composición
650 #7 - PUNTO DE ACCESO ADICIONAL DE MATERIA--TÉRMINO DE MATERIA
Término de materia o nombre geográfico como elemento de entrada Órdenes arquitectónicos
9 (RLIN) 147216
700 1# - ENTRADA AGREGADA--NOMBRE PERSONAL
Nombre de persona Vignola,
Fechas asociadas al nombre 1507-1573
9 (RLIN) 114654
852 4# - LOCALIZACIÓN
Ubicación ES-MaACL
Ubicación en estantería Depósito 2
Donativo/Legado Donación: Jacinto Martínez Lacalle
Número de control de estantería E-12301
itemnumber R.190490
903 ## - NOMBRE PERSONAL DE DONANTE
9 139376
a Martínez Lacalle, Jacinto
e Donante
942 ## - ELEMENTOS DE ENTRADA SECUNDARIOS (KOHA)
Tipo de ítem Koha Libro impreso
Suprimir en OPAC No
Holdings
Estatus retirado Estado de pérdida Fuente del sistema de clasificación o colocación Estado de daño No para préstamo Biblioteca de origen Biblioteca actual Ubicación en estantería Fecha de adquisición Fuente de adquisición Total de préstamos Signatura topográfica completa Código de barras Visto por última vez Tipo de ítem Koha
    Clasificación decimal universal     Biblioteca del Ateneo de Madrid Biblioteca del Ateneo de Madrid Depósito 2 02/12/2008 Donación   E-12301 1178284 23/02/2023 Libro impreso